مكتبة جامعة عجلون الوطنية

فهرس بحث المكتبة

دور المتغيرات الاجتماعية في التنمية الحضرية : دراسة في علم الاجتماع الحضري (Record no. 26997)

MARC details
000 -LEADER
fixed length control field 00893nam a2200193Ii 4500
003 - CONTROL NUMBER IDENTIFIER
control field JO-AjNU
008 - FIXED-LENGTH DATA ELEMENTS--GENERAL INFORMATION
fixed length control field 230605s9999||||xx |||||||||||||| ||und||
040 ## - CATALOGING SOURCE
Original cataloging agency JO-AjNU
Language of cataloging ara
Description conventions rda
Transcribing agency JO-AjNU
041 ## - LANGUAGE CODE
Language code of text/sound track or separate title ara
050 14 - LIBRARY OF CONGRESS CALL NUMBER
Classification number HT151 .R3726 1988
100 3# - MAIN ENTRY--PERSONAL NAME
Personal name رشوان، حسين عبد الحميد أحمد ؛ اشراف و مراجعة: عبد الهادي جوهري,
Relator term author
9 (RLIN) 52837
245 00 - TITLE STATEMENT
Title دور المتغيرات الاجتماعية في التنمية الحضرية : دراسة في علم الاجتماع الحضري
264 31 - PRODUCTION, PUBLICATION, DISTRIBUTION, MANUFACTURE, AND COPYRIGHT NOTICE
Place of production, publication, distribution, manufacture الاسكندرية: المكتب الجامعي الحديث، 1988
300 ## - PHYSICAL DESCRIPTION
Extent 534ص
Other physical details يحتوي على ببلوغرافية وجداول من ص 389-534ص
336 ## - CONTENT TYPE
Content type term text
Content type code txt
Source rdacontent
337 ## - MEDIA TYPE
Media type term unmediated
Media type code n
Source rdamedia
338 ## - CARRIER TYPE
Carrier type term volume
Carrier type code nc
Source rdacarrier
650 #4 - SUBJECT ADDED ENTRY--TOPICAL TERM
Topical term or geographic name entry element  علم الاجتماع الحضري 
9 (RLIN) 52838
Holdings
Withdrawn status Lost status Source of classification or shelving scheme Damaged status Not for loan Home library Current library Shelving location Date acquired Total Checkouts Full call number Barcode Date last seen Price effective from Koha item type
    Library of Congress Classification     مكتبة جامعة عجلون الوطنية مكتبة جامعة عجلون الوطنية المجموعات العامة 06/06/2023   HT151 .R3726 1988 A23429 06/06/2023 06/06/2023 Books